00476nam a2200169 4500003001100000005001700011008004100028020001500069040003900084041000800123082001700131100001700148245004600165260003400211300001900245650004200264LK-CoMWRAF20231207091711.0231202b1997 |||||||| |||| 00| 0 eng d a8175540680 aLK-CoMWRAFdLK-CoMWRAFeLK-CoMWRAF aeng a658.403bSMI a Smith, Jane a30 minutes ... to make the right decision aNew Delhi:bKogan Page,c1997 a 64 p. ; 18 cm aDECISION MAKING- Handbooks, manuals,